| 000 | 01402aam a2200301 i 4500 | ||
|---|---|---|---|
| 999 |
_c45335 _d45335 |
||
| 001 | 18951 | ||
| 003 | CO-MdFUSB | ||
| 005 | 20180803091213.0 | ||
| 008 | 180803t1912 enk||||g |||| 00| 0 eng d | ||
| 040 |
_aCO-MdFUSB _bspa _cCO-MdFUSB _dCO-MdFUSB _erda |
||
| 041 | _aeng | ||
| 082 | 0 | 4 |
_224 _aG 149.3 _bUN55m |
| 100 | 1 |
_aUnderhill, Evelyn _eautor |
|
| 245 | 1 | 0 |
_aMysticism _b: A study in the nature and development of man's spiritual consciousness _c/ Evelyn Underhill |
| 250 | _aTerecera edición, revisada | ||
| 264 | 1 |
_aLondon : _bMethuen, _c℗1912 |
|
| 300 |
_axi, 600 páginas _c; 22 cm |
||
| 336 |
_atexto _btxt _2rdacontent |
||
| 337 |
_2rdamedia _asin mediación _bn |
||
| 338 |
_2rdacarrier _avolumen _bnc |
||
| 501 | _aIncluye índice (páginas 587- 600) | ||
| 504 | _aBibliografía (páginas 563- 585) | ||
| 505 | 0 | _aEl hecho místico -- El punto de partida -- Misticismo y vitalismo -- Misticismo y psicología -- Características del misticismo -- Misticismo y teología -- Misticismo y simbolismo -- Misticismo y magia -- El camino místico -- El despierto del yo -- La purificación del yo -- La iluminación del yo -- Voces y visiones -- Introversión: Recuerdo y silencio -- Introversión: Contemplación -- El éxtasis -- La noche oscura del alma -- La vida unitiva | |
| 563 | _aPasta dura | ||
| 653 | _aMisticismo -- filosofía | ||
| 942 | _cBK | ||